| 000 | 00448nam a2200157 a 4500 | ||
|---|---|---|---|
| 005 | 20240203063630.0 | ||
| 008 | 991125n 000 0 spa u | ||
| 035 | _aUPN01000069383 | ||
| 100 | 1 |
_aMendoza Rojas, Javier _929304 |
|
| 222 | _aREVISTA DE LA EDUCACION SUPERIOR | ||
| 245 | _aContexto de la Evaluacion de la Educacion Superior en A.L. | ||
| 300 | _a7-16 | ||
| 362 | _a1993 Vol.22(4), No.88 | ||
| 904 |
_aAC _b007194 |
||
| 905 | _aArticulo | ||
| 999 |
_c64959 _d64959 |
||